Soluciones FUT: incluye nuevo régimen transitorio 2015 y 2016

Furkejuvvon:
Bibliográfalaš dieđut
Váldodahkki: Herrera Ávila, Rodrigo (Dahkki)
Materiálatiipa: Girji
Giella:espánnjágiella
Almmustuhtton: Santiago Legal Publishing 2016
Preanttus:5a. ed
Fáttát:
Fáddágilkorat: Lasit fáddágilkoriid
Eai fáddágilkorat, Lasit vuosttaš fáddágilkora!

MARC

LEADER 00000cam a2200000 a 4500
001 UCD5234
003 CL-VaPUC
008 160819e20160000cl |||||||||||||||||spa|d
020 |a 9789563467888 
082 0 4 |a 346.078  |b HER  |2 21 
100 |a Herrera Ávila, Rodrigo  |e author  |9 588963 
245 1 0 |a Soluciones FUT: incluye nuevo régimen transitorio 2015 y 2016 
250 |a 5a. ed 
300 |a 397 p 
942 |c BK 
945 |d 20160819 12:52:00  |a dcastane 
260 |a Santiago  |b Legal Publishing  |c 2016 
650 0 |a Derecho comercial   |9 256340 
650 0 |a Sociedades anónimas  |9 255387 
650 0 |a Capital   |9 263726 
650 0 |a Reforma tributaria   |9 337444 
583 |a last modification  |c 20160902 09:56:51  |k Rodrigo Vera 
999 |c 365963  |d 365961 
952 |0 0  |1 0  |3 erb  |4 0  |6 346_078000000000000_HER_2016  |7 0  |8 R  |9 479949  |a BIBGIM  |b BIBGIM  |i 533828K  |o 346.078 HER 2016  |p 533828K  |r 2025-01-15  |w 2019-11-24  |y BK_R  |z Catalogado en:20160819  |k COM 
952 |0 0  |1 0  |3 erb  |4 0  |6 346_078000000000000_HER_2016  |7 0  |8 R  |9 479950  |a BIBGIM  |b BIBGIM  |i 5338271  |o 346.078 HER 2016  |p 5338271  |r 2025-01-15  |w 2019-11-24  |y BK_R  |z Catalogado en:20160819  |k COM